00493nam a2200193 a 4500001001300000003000900013005001700022008004100039020001000080082002100090100002200111245002900133260002500162300000900187500003500196505001700231650002900248700002200277nice12345678IN_TiNIC20260116013805.0050524s1994 dela grp 000 0 eng  ac37500a297.8140954bAHM aAhmad, Qeyamuddin aWahabi Movement in India aDelhibManoharc1994 a352p aincludes index and biblioraphy2 aNotes, Index aIslam-Sects-Ahl-E-Hadees1 aAhmad, Qeyamuddin